[Event "Rhein Main op 13th"]
[Site "Bad Homburg"]
[Date "2010.06.03"]
[Round "2"]
[White "Riha, Peter"]
[Black "Herwig Paeutz, Martin"]
[Result "1-0"]
[WhiteElo "1809"]
[BlackElo "1418"]
[PlyCount "51"]
[EventDate "2010.06.02"]
[EventType "swiss"]
[EventRounds "7"]
[EventCountry "GER"]
[SourceTitle "EXT 2011"]
[Source "ChessBase"]
[SourceDate "2010.11.26"]
[SourceVersion "1"]
[SourceVersionDate "2010.11.26"]
[SourceQuality "1"]

1. d4 Nf6 2. c4 g6 3. Nc3 Bg7 4. e4 d6 5. f4 Bg4 6. Nf3 e6 7. Be2 Nh5 8. e5 Bxf3 9. Bxf3 Qh4+ 10. g3 Nxg3 11. hxg3 Qxg3+ 12. Ke2 c6 13. Ne4 Qxf3+ 14. Kxf3 dxe5 15. dxe5 Nd7 16. Be3 b6 17. Nd6+ Ke7 18. Qd2 Rad8 19. Rad1 h5 20. Nb7 Nxe5+ 21. fxe5 Rxd2 22. Rxd2 Bxe5 23. Rhd1 Kf6 24. Nd6 Bxd6 25. Rxd6 h4 26. Bd4+ 1-0

[Event "Frankfurt-ch"]
[Site "Frankfurt"]
[Date "2009.06.22"]
[Round "6"]
[White "Hohls, Henning"]
[Black "Herwig Paeutz, Martin"]
[Result "1-0"]
[WhiteElo "1113"]
[BlackElo "1506"]
[PlyCount "131"]
[EventDate "2009.04.27"]
[EventType "tourn"]
[EventRounds "7"]
[EventCountry "GER"]
[SourceTitle "EXT 2010"]
[Source "ChessBase"]
[SourceDate "2010.11.25"]
[SourceVersion "1"]
[SourceVersionDate "2010.11.25"]
[SourceQuality "1"]

1. d4 b6 2. c4 e6 3. Nf3 Bb4+ 4. Bd2 Qe7 5. Nc3 Nf6 6. e3 Ba6 7. a3 Bxc3 8. Bxc3 Ne4 9. Bb4 c5 10. dxc5 bxc5 11. Qc2 d5 12. Qa4+ Qd7 13. Qxd7+ Nxd7 14. Bd2 dxc4 15. Be2 Rb8 16. Rc1 Rxb2 17. Bxc4 Bxc4 18. Rxc4 Nxd2 19. Nxd2 Ra2 20. Nb1 Ne5 21. Rc3 Ke7 22. 0-0 Rd8 23. Rxc5 Kf6 24. Ra5 Rd7 25. Rc1 Rb7 26. Nc3 Rc7 27. Nxa2 Rd7 28. h3 Rd2 29. Nc3 Rd7 30. Ne4+ Kf5 31. Rcc5 f6 32. f4 Kxe4 33. fxe5 Kxe3 34. exf6 gxf6 35. Rc3+ Ke2 36. Rb5 Rd1+ 37. Kh2 e5 38. Rb2+ Rd2 39. Rxd2+ Kxd2 40. Rf3 e4 41. Rf2+ Ke1 42. Kg1 e3 43. Rb2 f5 44. Rb7 h5 45. Re7 f4 46. Rxa7 h4 47. Rd7 e2 48. Re7 f3 49. gxf3 Kd2 50. Kf2 e1Q+ 51. Rxe1 Kd3 52. a4 Kc4 53. Ke3 Kc5 54. Kd3 Kc6 55. Kc4 Kb6 56. Kb4 Kc6 57. Rd1 Kb6 58. Rd6+ Kc7 59. Kc5 Kb7 60. Kb5 Kc7 61. Rd1 Kb7 62. Rd7+ Kc8 63. Kc6 Kb8 64. Kb6 Kc8 65. Rd1 Kb8 66. Rd8# 1-0